Statistiques concernant Genres musicaux

Cliquez ici pour prendre le quiz!

Statistiques générales

  • Ce quiz a été pris 210 fois
    (175 depuis la dernière actualisation)
  • Le résultat moyen est 11 sur 28

Statistiques - réponses

Réponse% Correct
Rap
94%
Rock
93%
Pop
89%
Jazz
84%
Classique
79%
Metal
65%
Electro
64%
RnB
56%
Reggae
53%
Blues
52%
Hip hop
52%
Soul
43%
Funk
40%
Punk
35%
Variété
34%
House
30%
Country
29%
Folk
29%
Slam
20%
Salsa
19%
Opéra
18%
Rai
12%
Gospel
11%
Grunge
11%
Hardcore
11%
Flamenco
9%
Rhythm & blues
4%
Mambo
2%

Distribution des résultats

Percentile par nombre de réponses

% des personnes avec chaque résultat

Votre développement - résultats

Vous n’avez pas pris ce quiz depuis la dernière actualisation